Functional Urologic Surgery in Neurogenic and Oncologic Diseases Role of Advanced Minimally Invasive Surgery /

This book offers a comprehensive guide to state-of-the-art techniques in functional urologic surgery that minimize functional damage to the urinary tract and are of particular value in patients with oncologic or neurogenic diseases. It describes the main minimally invasive surgical techniques curren...

Πλήρης περιγραφή

Λεπτομέρειες βιβλιογραφικής εγγραφής
Συγγραφή απο Οργανισμό/Αρχή: SpringerLink (Online service)
Άλλοι συγγραφείς: Carbone, Antonio (Επιμελητής έκδοσης), Palleschi, Giovanni (Επιμελητής έκδοσης), Pastore, Antonio Luigi (Επιμελητής έκδοσης), Messas, Aurel (Επιμελητής έκδοσης)
Μορφή: Ηλεκτρονική πηγή Ηλ. βιβλίο
Γλώσσα:English
Έκδοση: Cham : Springer International Publishing : Imprint: Springer, 2016.
Σειρά:Urodynamics, Neurourology and Pelvic Floor Dysfunctions
Θέματα:
Διαθέσιμο Online:Full Text via HEAL-Link
LEADER 04162nam a22005535i 4500
001 978-3-319-29191-8
003 DE-He213
005 20160613163847.0
007 cr nn 008mamaa
008 160613s2016 gw | s |||| 0|eng d
020 |a 9783319291918  |9 978-3-319-29191-8 
024 7 |a 10.1007/978-3-319-29191-8  |2 doi 
040 |d GrThAP 
050 4 |a RC870-923.2 
050 4 |a RC875-899.5 
072 7 |a MJS  |2 bicssc 
072 7 |a MED088000  |2 bisacsh 
082 0 4 |a 616.6  |2 23 
245 1 0 |a Functional Urologic Surgery in Neurogenic and Oncologic Diseases  |h [electronic resource] :  |b Role of Advanced Minimally Invasive Surgery /  |c edited by Antonio Carbone, Giovanni Palleschi, Antonio Luigi Pastore, Aurel Messas. 
264 1 |a Cham :  |b Springer International Publishing :  |b Imprint: Springer,  |c 2016. 
300 |a XV, 201 p. 27 illus., 22 illus. in color.  |b online resource. 
336 |a text  |b txt  |2 rdacontent 
337 |a computer  |b c  |2 rdamedia 
338 |a online resource  |b cr  |2 rdacarrier 
347 |a text file  |b PDF  |2 rda 
490 1 |a Urodynamics, Neurourology and Pelvic Floor Dysfunctions 
505 0 |a Functional Anatomy of the Pelvic Organs -- Preoperative Assessment and Intraoperative Anesthesiologic Care in Miniinvasive Laparoscopic Surgery -- Preserving Continence During Laparoscopic (LRP) or Robot Assisted Radical Prostatectomy (RARP) -- Selecting Patients for Continent or Incontinent, Heterotopic or Orthotopic Diversion -- Robot Assisted Radical Cystectomy and Totally Intracorporeal Urinary Diversions -- Treating Incontinence After Prostatectomy & Cystectomy: Role of Advanced Minimally Invasive Surgery -- Preserving Sexual Function and Continence During Radical Hysterectomy -- Preserving Sexual Function and Continence During Radical Rectal Surgery -- Psychosexual Issues and Quality of Life After Oncologic Pelvic Surgery, with Focus on Cervical Cancer -- Neurogenic Voiding Dysfunction: Physiopathology and Classification -- Treatment of Pelvic Chronic Pain: Multidisciplinary Approach -- Bladder Outlet Obstruction (BOO) and Neurodegenerative Disease: When is Surgery Mandatory? Botulinum Toxin Bladder Injection in the Treatment of Neurogenic Detrusor Overactivity and Idiopathic OAB -- Bladder Augmentation: Is There an Indication for Mini-Invasive Surgical Approach? 
520 |a This book offers a comprehensive guide to state-of-the-art techniques in functional urologic surgery that minimize functional damage to the urinary tract and are of particular value in patients with oncologic or neurogenic diseases. It describes the main minimally invasive surgical techniques currently available step by step, while also offering guidance on indications and how to select appropriate surgical devices to achieve specific oncological and functional outcomes. Further, the book presents data from relevant case series, documenting the favorable functional and oncologic results achieved with these techniques and devices as well as the low associated morbidity and positive impacts on quality of life. Lastly, it offers advice on preoperative assessment and postoperative care, and presents specific diagnostic algorithms of value in daily clinical practice. The contributing authors represent an international mix of respected experts carefully selected for their knowledge of the topics discussed. . 
650 0 |a Medicine. 
650 0 |a Oncology. 
650 0 |a Neurology. 
650 0 |a Minimally invasive surgery. 
650 0 |a Urology. 
650 1 4 |a Medicine & Public Health. 
650 2 4 |a Urology. 
650 2 4 |a Minimally Invasive Surgery. 
650 2 4 |a Neurology. 
650 2 4 |a Oncology. 
700 1 |a Carbone, Antonio.  |e editor. 
700 1 |a Palleschi, Giovanni.  |e editor. 
700 1 |a Pastore, Antonio Luigi.  |e editor. 
700 1 |a Messas, Aurel.  |e editor. 
710 2 |a SpringerLink (Online service) 
773 0 |t Springer eBooks 
776 0 8 |i Printed edition:  |z 9783319291895 
830 0 |a Urodynamics, Neurourology and Pelvic Floor Dysfunctions 
856 4 0 |u http://dx.doi.org/10.1007/978-3-319-29191-8  |z Full Text via HEAL-Link 
912 |a ZDB-2-SME 
950 |a Medicine (Springer-11650)